00846nmc a2200301 a 4500003000900000005001700009008004100026020001800067040001300085245003400098250001200132260003400144300001100178490002100189504004200210650002900252650002500281650002700306651001300333651001300346651002400359653002700383653002700410653002500437700003300462700003100495800001800526AR-BaBNM20251128211741.0116020s2004 ||||||||||||||000 | spa|| a950-518-830-7 cAR-BaBNM10aAprender y pensar la historia a1ª ed. aBuenos AiresbAmorrortuc20040 a347 p. 0aAgenda educativa aContiene referencias bibliográficas 4aENSENANZA DE LA HISTORIA 4aPROCESO COGNOSCITIVO 4aFORMACION DE CONCEPTOS 4aMéxico 4aEspaña 4aUnión Soviética 0aESTRATEGIAS DIDACTICAS 0aPROYECTOS CURRICULARES 0aPENSAMIENTO DEL NINO1 aCarretero, Marioecompilador1 aVoss, James F.ecompilador1 aLitwin, Edith